<?xml version="1.0" encoding="UTF-8"?>
<collection xmlns="http://www.loc.gov/MARC21/slim">
 <record>
  <leader>00578cam a2200157 7i4500</leader>
  <controlfield tag="001">0000035325</controlfield>
  <controlfield tag="005">20140602090000.0</controlfield>
  <datafield tag="090" ind1="0" ind2="0">
   <subfield code="a">HF 5734.5 </subfield>
   <subfield code="b">C746</subfield>
  </datafield>
  <datafield tag="245" ind1="0" ind2="0">
   <subfield code="a">Conducting meetings : </subfield>
   <subfield code="b">effective meeting communication.</subfield>
  </datafield>
  <datafield tag="260" ind1="0" ind2="0">
   <subfield code="a">Naperville, Ill.: </subfield>
   <subfield code="b">NETg2001.</subfield>
  </datafield>
  <datafield tag="300" ind1=" " ind2=" ">
   <subfield code="a">1 computer optical disc: </subfield>
   <subfield code="b">sd., col.; </subfield>
   <subfield code="c">4 3/4in..</subfield>
  </datafield>
  <datafield tag="590" ind1=" " ind2=" ">
   <subfield code="a">Pusat Pengajian Pembangunan Sosial dan Ekonomi</subfield>
  </datafield>
  <datafield tag="650" ind1="0" ind2="0">
   <subfield code="a">Business meetings </subfield>
  </datafield>
  <datafield tag="710" ind1="2" ind2="1">
   <subfield code="a">NETg </subfield>
  </datafield>
  <datafield tag="999" ind1=" " ind2=" ">
   <subfield code="a">1100018474</subfield>
   <subfield code="b">CD-ROM</subfield>
   <subfield code="c">Bahan Sumber Media</subfield>
   <subfield code="e">BILIK BAHAN SUMBER MEDIA</subfield>
  </datafield>
  <datafield tag="999" ind1=" " ind2=" ">
   <subfield code="a">1100019763</subfield>
   <subfield code="b">CD-ROM</subfield>
   <subfield code="c">Bahan Sumber Media</subfield>
   <subfield code="e">BILIK BAHAN SUMBER MEDIA</subfield>
  </datafield>
 </record>
</collection>
